000 00361nam a2200157Ia 4500
003 OSt
005 20240311164604.0
008 170524s9999 xx 000 0 und d
020 _a ‎ 978-8182040120
040 _cIIMTU MEERUT
100 _aSingh-R.K.
245 0 _aFront Office Management
260 _bAman Publication
260 _c2006
942 _2ddc
_c02
999 _c7344
_d7344